000 00472nam a2200181Ia 4500
003 GCL
008 140319s9999 xx 000 0 ara d
040 _aGCL /
_cGCL
082 0 4 _a813.01
_bم ح
100 1 _aمكاوى سعيد
245 1 0 _aحالة رومانسية /
_cمكاوى سعيد
260 _a[S.N] :
_bمطبعة خطاب ،
_c1992
300 _a83 ص
490 _a
650 0 4 _aالقصص القصيرة
650 0 4 _aالقصص
942 _2ddc
_cBK
999 _c55904
_d55904